000 00287nam a22001337a 4500
008 180820b xxu||||| |||| 00| 0 eng d
020 _a9781429238243
041 _aeng
080 _29 ED
_a159.9
100 _a49
101 _aPSI
245 _aPSYCHOLOGY
_cMYERS/G/D
942 _2udc
_cBK
999 _c47224
_d47224